Redes cisco: guía de estudio para la certificación CCNA routing y switching (Registro nro. 12007)
[ vista simple ]
| 000 -CABECERA | |
|---|---|
| campo de control de longitud fija | 00875ntm a22003257a 4500 |
| 005 - FECHA Y HORA DE ACTUALIZACIÓN | |
| campo de control | 20230608151712.0 |
| 008 - LONGITUD FIJA | |
| campo de control de longitud fija | 190604b2016 xxu||||| |||| 00| 0 spa d |
| 020 ## - INTERNATIONAL STANDARD BOOK NUMBER | |
| Número Internacional Estándar del Libro | 9788499646640 |
| 041 ## - IDIOMA | |
| Código de idioma del texto/pista de sonido o título separado | Español |
| 082 ## - CLASIFICACIÓN DECIMAL DEWEY | |
| Número de clasificación | 004.65 A699r4 |
| 100 ## - AUTOR PERSONAL | |
| Nombre de persona | Ariganello, Ernesto |
| 245 ## - TÍTULO PROPIAMENTE DICHO | |
| Título | Redes cisco: guía de estudio para la certificación CCNA routing y switching |
| 250 ## - EDICIÓN | |
| Mención de edición | 4 edición |
| 260 ## - PIE DE IMPRENTA | |
| Lugar de publicación, distribución, etc. | España |
| 260 ## - PIE DE IMPRENTA | |
| Nombre del editor, distribuidor, etc. | Ra-Ma |
| 260 ## - PIE DE IMPRENTA | |
| Fecha de publicación, distribución, etc. | 2016 |
| 300 ## - DESCRIPCIÓN FÍSICA | |
| Extensión | 570 páginas |
| 650 ## - Materia General | |
| Materia general | REDES |
| 650 ## - Materia General | |
| Materia general | CAPA FÍSICA |
| 650 ## - Materia General | |
| Materia general | ENLACE DE DATOS |
| 650 ## - Materia General | |
| Materia general | MODELO ICP/IP |
| 650 ## - Materia General | |
| Materia general | ETHERNET |
| 650 ## - Materia General | |
| Materia general | NÚMEROS BINARIOS |
| 650 ## - Materia General | |
| Materia general | CONMUTACIÓN |
| 650 ## - Materia General | |
| Materia general | SWITCH |
| 650 ## - Materia General | |
| Materia general | ENRUTAMIENTO |
| 650 ## - Materia General | |
| Materia general | ROUTER |
| 650 ## - Materia General | |
| Materia general | SEGURIDAD |
| 942 ## - Punto de Acceso Adicional Koha | |
| Tipo de ítem Koha | Libro |
| Estado perdido | Estado dañado | No para préstamo | Biblioteca permanente | Biblioteca actual | Signatura completa | Código de barras | Precio efectivo a partir del | Tipo de ítem |
|---|---|---|---|---|---|---|---|---|
| Departamento de Biblioteca y Documentación Alfonso Chase Brenes | Departamento de Biblioteca y Documentación Alfonso Chase Brenes | 004.65 A699r4 | 24417 | 04/06/2019 | Libro |